LEADER 00545nab a2200145 i 4500 001 000000316023 003 CaOOAMICUS 005 20180831173201.0 008 180831n xx uu u0 0und r 013 $a25106 040 $aSeMil$bita 100 1 $aBellini, Enzo <1934-1981>.$0(OLS)http://semarc/name/22123 245 10$a[RECENSIONE DI: Delpini..., Indissolubilità matrimoniale e..., 1979]. 773 0 $t[Gennaio-Dicembre].$g381-382$w()273996 996 $6245$a[RECENSIONE DI: Delpini..., Indissolubilità matrimoniale e..., 1979]$9(OLS)http://semarc/title/390056 LEADER 00783nam a2200205 i 4500 001 000000361278 003 CaOOAMICUS 005 20260123113632.0 008 241227s2025 be a d u000 u fre u 040 $aSeMil$bita 245 00$aTome 34. 264 1$aTurnhout :$bBrepols,$c2025. 300 $a768 col. :$bill. ;$c28 cm 500 $aVol. in composizione [Fasc. 198-200] 773 0 $tDictionnaire d'histoire et de géographie ecclésiastiques.$dTurnhout : Brepols, 2015-$z978-2-7063-0157-5$g34$w()600 850 $aSeMil 852 $aSeMil$W1$xVenegono$y1$mSL1.Q V 34$j253642$B252250$CSeMilBibl$Z2$F252250 $8I 996 $6245$aTome 34$9(OLS)http://semarc/title/320609 996 $6264$aTurnhout :$bBrepols$9(OLS)http://semarc/publisher/29626